000 00674cam a22001817a 4500
008 180718b1999 xxu||||| |||| 00| 0 eng d
082 _aL69x57 F851
100 _aFreinkman, Lev
245 _aSubnational budgeting in Russia: preempting a potential crisis
_cby Lev Freinkman, Daniel Treisman and Stepan Titov
260 _aWashington, D.C.
_bWorld Bank
_c1999
300 _a131p.
440 _aWorld Bank technical paper no. 452
650 _aRussia (Federation) - Economic policy - 1991-
650 _aLocal finance - Russia (Federation)
650 _aIntergovernmental fiscal relations - Russsia (Federation)
700 _aTitov, Stepan
700 _aTreisman, Daniel
999 _c278676
_d278676